| 000 | 01229nam a2200229Ia 4500 | ||
|---|---|---|---|
| 001 | L250-16252 | ||
| 003 | IT-CnALBA | ||
| 008 | 170116s9999||||xx |||||||||||||| ||und|| | ||
| 040 |
_aIT-CnALBA _cIT-CnALBA |
||
| 041 | _aITALIANO | ||
| 100 | _aTINTI FILIPPO MARIA | ||
| 245 | 0 | _aL'INDUSTRIA DEL MALE. (LIBRO PER ADULTI). | |
| 250 | _a1a ed. | ||
| 260 |
_aBARI. _bNAZIONALE TIPOGRAFIA EDITR. PARMA _c1915 [1° Ed.:1915 - Ed.Ling.Originale: 1915] |
||
| 300 | _a76 p. (prefazione: 7) | ||
| 500 | _aANARCHIA INTELLETTUALE E MORALE. IL TANGO, BALLO. PORNOGRAFIA. IL TEATRO. EDUCAZIONE SESSUALE. CORRUZIONE E DECADENZA DEI COSTUMI. PAZZI, DELINQUENTI, DEGENERATI. INFANZIA E GIOVENTÙ. SCANDALI. PAOLO ORANO E ANTONINO ANILE. MATERIALISMO E ATEISMO. CONGRES | ||
| 501 | _aSocietà San Paolo EM - Piazza San Paolo, 14 - 12051 ALBA (CN) (non commercial uses only) ® Copyright 2017 | ||
| 520 | _aANARCHIA INTELLETTUALE E MORALE. IL TANGO, BALLO. PORNOGRAFIA. IL TEATRO. EDUCAZIONE SESSUALE. CORRUZIONE E DECADENZA DEI COSTUMI. PAZZI, DELINQUENTI, DEGENERATI. INFANZIA E GIOVENTÙ. SCANDALI. PAOLO ORANO E ANTONINO ANILE. MATERIALISMO E ATEISMO. CONGRES | ||
| 650 | _aTEOLOGIA PASTORALE | ||
| 942 | _cBK | ||
| 957 | _71 | ||
| 999 |
_a21000 _bSI _g Copie: 1 _c275414 _d275414 |
||